Регионална библиотека "Любен Каравелов" - Русе

Неповторимият Леонардо и неговите тайни послания (Запис номер 389232)

MARC детайли
000 -Лидер
Контролно поле с фиксирана дължина 01225nam a2200253 a 4500
003 - Код на организацията, давaща контролен номер
Контролно поле BLK
005 - Дата и час на последна редакция
Контролно поле 20240605165817.0
008 - Елементи от данни с фиксирана дължина
fixed length control field 200929b bu ||||| |||| 00| 0 bu d
020 ## - Международен стандартен номер на книга ISBN
Международен стандартен номер на книга ISBN 9786197536133
040 ## - Източник на каталожния запис
Идентификатор на билиотеката - собственик на записа BLK
041 ## - Код за език
Код за езика на текст/звукозапис или на отделно заглавие Български
Код за езика КДБФ Български
080 ## - УДК
Текстов определител УДК Издания за деца и юноши. Книжки-картинки. Читанки. Вж и 372.4
УДК код - определител по УДК 087.5
УДК - код + определител 087.5
100 ## - Редна дума - Автор
Автор Барсоти, Ренцо
Авторска отговорност първи автор
R(LIN) 1299
139 ## - Редно поле
Редна дума Барсоти, Ренцо
Авторски знак Бар - Б 26
245 ## - Сведения за заглавието
Заглавие Неповторимият Леонардо и неговите тайни послания
Редно поле (дума) Ренцо Барсоти ; прев. от итал. ез. Елена Стоянова
260 ## - Област на издателските данни
9 (RLIN) 213788
Място на издаване, разпространение и проч. Пловдив
Име на издателя, разпространителя и проч. Коала прес
Година на издаване 2015
Издателство - префикс ISBN 978-619-7134- ; 978-954-9455-
300 ## - Физическа характеристика
Страници 39 с.
Илюстрации и др. с цв. ил
Размери/Мащаб 28 см
380 ## - Жанр
Жанр Детска отраслова лит.
501 ## - Забележка „подвързано към”
Забележка: Подвързано към... Без сведение на ориг. загл.<br/>Загл. и на англ. ез.: Incredible Leonardo da Vinci and his secrets / Renzo Barsotti
700 ## - Други автори (авторска отговорност)
9 (RLIN) 966
Лично име Стоянова, Елена Костадинова
Автороска отговорност (Описва отношението между автора и произведението) прев.
852 ## - Местоположение
Форматна сигнатура Цб ІІ 25699
Фондова буква Хранилище
999 ## - СИСТЕМНИ КОНТРОЛНИ НОМЕРА
Koha biblionumber 389232
Koha biblioitemnumber 389232
942 ## - АРТИКУЛИ
Вид на библиотечния материал Книги
Скрит в OPAC Не
Периодичен библиозапис Да
Koha issues (borrowed), all copies 10
944 ## - СЪЗДАВАНЕ И РЕДАКЦИЯ на ЗАПИСА
Създаване/Редакция Създаване
Дата на регистрацията/редакция 2020-10-06
Служител, извършил регистрацията/редакцията 30537
Статус, дата на статуса Грета Цуфелде
Наличности
Код за отписване Код за изгубен артикул Източник на класификационната схема Код за повреда Коз за рестрикции Код за отдаване Артикулен № Име на библиотеката - собственик Име на библиотеката, в която се намира в момента Статус (Текущо местоположение) Дата на вписване в системата Местоположение - отдел Цена в лева Систематично азбучна сигнатура Баркод Цена в евро Служебен тип на артикула
  Не е изгубен Universal Decimal Classification Не е повреден само за читалня ползва се в читалня 802856 Регионална библиотека "Любен Каравелов" Русе Регионална библиотека "Любен Каравелов" Русе Хранилище 2020-10-06 Хранилище 11.99 Цб ІІ 25699 120000848856 6.13 Книги
  Не е изгубен Universal Decimal Classification Не е повреден без рестрикции заемане за дома 860687 Регионална библиотека "Любен Каравелов" Русе Регионална библиотека "Любен Каравелов" Русе Детски отдел 2021-11-08 Детски отдел 8.99 73/76/Б 26 Р 120000862079 4.60 Книги
Vip Innovations Ltd, Rousse, Bulgaria 2025